Make your will yourself / (Record no. 138841)

MARC details
000 -LEADER
fixed length control field 00800nam a22002177a 4500
005 - DATE AND TIME OF LATEST TRANSACTION
control field 20170412170552.0
020 ## - INTERNATIONAL STANDARD BOOK NUMBER
International Standard Book Number 9789350358238
Terms of availability 375.00
035 ## - SYSTEM CONTROL NUMBER
System control number B-667527
037 ## - SOURCE OF ACQUISITION
Source of stock number/acquisition KBD/Ven
082 ## - DEWEY DECIMAL CLASSIFICATION NUMBER
Classification number 346.54054
100 ## - MAIN ENTRY--PERSONAL NAME
Personal name Kumar, H. L.
245 00 - TITLE STATEMENT
Title Make your will yourself /
Statement of responsibility, etc by H. L. Kumar and Gaurav Kumar
250 ## - EDITION STATEMENT
Edition statement 7th ed
260 ## - PUBLICATION, DISTRIBUTION, ETC. (IMPRINT)
Place of publication, distribution, etc New Delhi
Name of publisher, distributor, etc Universal Law Publishing
Date of publication, distribution, etc 2016
270 ## - ADDRESS
Address C-FF-1A, Dilkhush Industrial Estate, (Near Azadpur Metro Station) G.T. Karnal Road
City New Delhi
Postal code 110033
300 ## - PHYSICAL DESCRIPTION
Extent xxxvi,322p.
Dimensions 22cm(pbk)
500 ## - GENERAL NOTE
General note Includes index
710 ## - ADDED ENTRY--CORPORATE NAME
Corporate name or jurisdiction name as entry element Gaurav Kumar
942 ## - ADDED ENTRY ELEMENTS (KOHA)
Source of classification or shelving scheme Dewey Decimal Classification
Item type English Books
Call number suffix KUM
Classification part 346.54054
Holdings
Withdrawn status Lost status Not for loan Collection code Home library Current library Date acquired Source of acquisition Cost, normal purchase price Full call number Barcode Copy number Cost, replacement price Koha item type
      Non-fiction Ashok Vihar Ashok Vihar 12/04/2017 BPPD/EN/2013-14/AV/16-17/365/15.02.2017KBD/BL16/24.02.2017/17.03.217 375.00 346.54054 KUM B-667527 1 375.00 English Books

© Delhi Public Library
Hit Counter
free hit counter